Skills in English : (Record no. 5213)
[ view plain ]
| 000 -LEADER | |
|---|---|
| fixed length control field | 00687nac a22001691u 4500 |
| 008 - FIXED-LENGTH DATA ELEMENTS--GENERAL INFORMATION | |
| fixed length control field | 090303t xxu||||| |||| 00| 0 eng d |
| 082 ## - DEWEY DECIMAL CLASSIFICATION NUMBER | |
| Classification number | 428.24 |
| Item number | PHI |
| 100 ## - MAIN ENTRY--PERSONAL NAME | |
| Personal name | Phillips, Terry |
| 9 (RLIN) | 26506 |
| 245 ## - TITLE STATEMENT | |
| Title | Skills in English : |
| Remainder of title | Listening. Level 2. Student's CDs / |
| Statement of responsibility, etc | Terry Phillips |
| 250 ## - EDITION STATEMENT | |
| Edition statement | 2nd ed. |
| 260 ## - PUBLICATION, DISTRIBUTION, ETC. (IMPRINT) | |
| Place of publication, distribution, etc | London: |
| Name of publisher, distributor, etc | Garnet Education,2004. |
| Date of publication, distribution, etc | c2004. |
| 300 ## - PHYSICAL DESCRIPTION | |
| Extent | 4 sound discs : |
| Other physical details | digital, stereo. ; |
| Dimensions | 4 3/4 in. |
| 650 ## - SUBJECT ADDED ENTRY--TOPICAL TERM | |
| Topical term or geographic name as entry element | English language |
| Form subdivision | Textbooks for foreign speakers |
| 9 (RLIN) | 26507 |
| 650 ## - SUBJECT ADDED ENTRY--TOPICAL TERM | |
| Topical term or geographic name as entry element | English language |
| Form subdivision | Problems, exercises, etc. |
| General subdivision | Grammar |
| 9 (RLIN) | 26508 |
| 650 ## - SUBJECT ADDED ENTRY--TOPICAL TERM | |
| Topical term or geographic name as entry element | English language |
| General subdivision | study and teaching for foreign speakers |
| 9 (RLIN) | 26509 |
| 942 ## - ADDED ENTRY ELEMENTS (KOHA) | |
| Item type | |
| Call number prefix | 428.24 PHI |
| Source of classification or shelving scheme | Dewey Decimal Classification |
| Withdrawn status | Lost status | Source of classification or shelving scheme | Damaged status | Not for loan | Koha collection | Home library | Current library | Shelving location | Date acquired | Source of acquisition | Total Checkouts | Total Renewals | Full call number | Barcode | Date last seen | Date last borrowed | Koha item type | Public note |
|---|---|---|---|---|---|---|---|---|---|---|---|---|---|---|---|---|---|---|
| Dewey Decimal Classification | Central Library | Central Library | Second Floor | 31/07/2011 | 3 | 5 | 428.24 PHI | 000006472 | 24/08/2022 | 20/01/2015 | CD | DVD - (NB) | 4 CDs | ||||||
| Dewey Decimal Classification | Baccah | Central Library | Central Library | Second Floor | 21/09/2011 | 428.24 PHI | 000024837 | 24/08/2022 | CD | DVD - (NB) | 4 CDs |